000
00325nam a2200133Ia 4500
005
20251222155101.0
008
251222s9999||||xx |||||||||||||| ||spa||
082
_a
PED. 13.1
100
_a
RADDA BARNEN.
245
0
_a
Educación En Salud - Educación Inicial
250
_a
1ra. ed.
264
_b
Radda Barnen
942
_c
LIB
999
_c
37664
_d
37664